00355nam a2200109Ia 4500008004100000245011100041260004900152260000900201300001000210500000900220650001600229170224s9999 xx 000 0 und d aDo needs for security and certainty predict cultural and economic conservatism? A cross-national analysis. bJournal of Personality and Social Psychology c2014 a106:6 aJune xPsychology.